000 00409nam a2200181Ia 4500
001 15104
005 20260306165003.0
008 260306t2017||||xx |||||||||||||| ||spa||
041 _aESP
082 _a530
_bR44 V. 2
100 _aResnick, Robert,
_eAUT
245 0 _aFísica
260 _c2017
300 _a568-1198 páginas :
_c27 cm.
650 _aGEN
654 _aCCN
942 _cLIB
_dJUS
_fJUS
_2ddc
_n
999 _c15104
_d15104